000
00206nam a2200097Ia 4500
008
240331s9999 xx 000 0 und d
082
_b
KRI
100
_a
Krishnan,R
245
0
_a
Aangalodu pengalum
942
_c
L
999
_c
4029
_d
4029